Las políticas agrarias / (Record no. 22209)
[ view plain ]
| 000 -LEADER | |
|---|---|
| fixed length control field | 00463nam a2200169 a 4500 |
| 020 ## - INTERNATIONAL STANDARD BOOK NUMBER | |
| ISBN | 9782865376810 |
| 040 ## - CATALOGING SOURCE | |
| Transcribing agency | DLC |
| 041 1# - LANGUAGE CODE | |
| Language code of original and/or intermediate translations of text | fre |
| 082 00 - DEWEY DECIMAL CLASSIFICATION NUMBER | |
| Classification number | 338 DUF 1996 C324 Or. |
| 100 1# - MAIN ENTRY--AUTHOR NAME | |
| Personal name | Dufumier, M. |
| 245 14 - TITLE STATEMENT | |
| Title | Las políticas agrarias / |
| 260 ## - PUBLICATION, DISTRIBUTION, ETC. (IMPRINT) | |
| Place of publication | LES PROJETS DE : |
| Name of publisher | Departamento de Desarrollo Agrario, Universidad Centroamericana, |
| Year of publication | [1996?] |
| 300 ## - PHYSICAL DESCRIPTION | |
| Number of Pages | 57 p. ; |
| Dimensions | 28 cm. |
| 650 #0 - SUBJECT ADDED ENTRY--TOPICAL TERM | |
| Topical Term | Agriculture and state. |
| 650 #0 - SUBJECT ADDED ENTRY--TOPICAL TERM | |
| Topical Term | Agriculture |
| 942 ## - ADDED ENTRY ELEMENTS (KOHA) | |
| Koha item type | ADB |
| 952 ## - LOCATION AND ITEM INFORMATION (KOHA) | |
| Withdrawn status [LOCAL, KOHA] | 0 |
| Permanent Location | Date acquired | Koha item type | Lost status | Shelving location | Barcode | Current Location | Full call number |
|---|---|---|---|---|---|---|---|
| Library Block C | 2023-11-17 | ADB | C324 | a21454 | Library Block C | 338 DUF 1996 C324 Or. |